| 000 | 00710nam a2200193 i 4500 | ||
|---|---|---|---|
| 001 | 180439 | ||
| 003 | ES-MaACL | ||
| 005 | 20230906221109.0 | ||
| 008 | 120604s1970 sp |||| | spa d | ||
| 080 | _a530.12(043.2) | ||
| 100 | 1 |
_aMas, Luis. _9150338 |
|
| 245 | 1 | 0 |
_aEstudio sobre los espacios-tiempos del tipo de Kerr-Schild / _cpor Luis Mas Franch. |
| 260 |
_aBarcelona : _bUniversidad de Barcelona, Secretariado de Publicaciones, Intercambio Científico y Extensión Universitaria, _c1970. |
||
| 300 |
_a18 p. ; _c24 cm. |
||
| 502 | _aTesis-Universidad Barcelona (Extracto) | ||
| 650 | 0 | 4 |
_aRelatividad (Física) _916793 |
| 710 | 2 |
_aUniversidad de Barcelona. _97141 |
|
| 852 | _aES-MaACL | ||
| 999 |
_c180439 _d180439 |
||